| 000 | 00000nam##2200000za#4500 |
| 001 | 9.581269 |
| 003 | CaOODSP |
| 005 | 20210624191433 |
| 007 | cr ||||||||||| |
| 008 | 150406|2014||||xxc|||||o f|0| 0 eng|d |
| 020 | |a978-1-100-25441-8 |
| 022 | |a1488-5379 |
| 040 | |aCaOODSP|beng |
| 043 | |an-cn--- |
| 086 | 1 |aFs97-6/3114E-PDF |
| 110 | 1 |aCanada. |bDepartment of Fisheries and Oceans. |
| 245 | 14|aThe environmental background to the 2008, 2009 and 2010 Meso- and Bathypelagic trawl surveys of The Gully / |h[electronic resource]|c[by] T.J. Kenchington, N.A. Cochrane, C. Gjerdrum, B.J.W. Greenan, C. Lirette, H. Moors-Murphy and S.E. Thompson. |
| 260 | |aSt. Andrews - New Brunswick : |bFisheries and Oceans Canada |c2014. |
| 300 | |a259p.|bfigs., graphs, references, tables, photographs |
| 490 | 1 |aCanadian technical report of fisheries and aquatic sciences|x1488-5379|v3114 |
| 546 | |a(Résumé en français) |
| 590 | |a15-13|b2015-03-27 |
| 830 | #0|aCanadian technical report of fisheries and aquatic sciences,|x1488-5379|v3114|w(CaOODSP)9.504449 |
| 856 | 40|ahttp://publications.gc.ca|qPDF|s84.73 MB|uhttps://publications.gc.ca/collections/collection_2015/mpo-dfo/Fs97-6-3114-eng.pdf|y3114 |